<?xml version="1.0" encoding="UTF-8"?>
<record
    xmlns:xsi="http://www.w3.org/2001/XMLSchema-instance"
    xsi:schemaLocation="http://www.loc.gov/MARC21/slim http://www.loc.gov/standards/marcxml/schema/MARC21slim.xsd"
    xmlns="http://www.loc.gov/MARC21/slim">

  <leader>00690nab a2200205 uc4500</leader>
  <controlfield tag="001">677755</controlfield>
  <controlfield tag="005">20251121105610.0</controlfield>
  <controlfield tag="008">010731e20000705                    spa  </controlfield>
  <datafield tag="035" ind1=" " ind2=" ">
    <subfield code="a">677755</subfield>
  </datafield>
  <datafield tag="035" ind1=" " ind2=" ">
    <subfield code="a">(OCoLC)819911969</subfield>
  </datafield>
  <datafield tag="040" ind1=" " ind2=" ">
    <subfield code="c">comduadb</subfield>
  </datafield>
  <datafield tag="041" ind1=" " ind2=" ">
    <subfield code="a">spa</subfield>
  </datafield>
  <datafield tag="100" ind1="1" ind2="0">
    <subfield code="a">Aguilar Hernandez, Marielos</subfield>
    <subfield code="4">aut</subfield>
    <subfield code="e">aut</subfield>
    <subfield code="9">306372</subfield>
  </datafield>
  <datafield tag="245" ind1="1" ind2="0">
    <subfield code="a">Educacion y realidad social</subfield>
  </datafield>
  <datafield tag="650" ind1=" " ind2="7">
    <subfield code="a">Educaci&#xF3;n superior</subfield>
    <subfield code="z">Espa&#xF1;a</subfield>
    <subfield code="2">lemb</subfield>
    <subfield code="9">40726</subfield>
  </datafield>
  <datafield tag="650" ind1=" " ind2="7">
    <subfield code="a">Reforma universitaria</subfield>
    <subfield code="2">lemb</subfield>
    <subfield code="9">672</subfield>
  </datafield>
  <datafield tag="650" ind1=" " ind2="7">
    <subfield code="a">Democratizaci&#xF3;n de la educaci&#xF3;n</subfield>
    <subfield code="2">lemb</subfield>
    <subfield code="9">64099</subfield>
  </datafield>
  <datafield tag="773" ind1="0" ind2=" ">
    <subfield code="t">Revista de Ciencias Sociales (San Jos&#xE9;)</subfield>
    <subfield code="g">N&#xFA;mero 089, Julio-Septiembre de 2000, p. 85-100</subfield>
    <subfield code="w">200521</subfield>
    <subfield code="x">0482-5276</subfield>
    <subfield code="0">84842</subfield>
  </datafield>
  <datafield tag="942" ind1=" " ind2=" ">
    <subfield code="c">ARIMP</subfield>
  </datafield>
  <datafield tag="999" ind1=" " ind2=" ">
    <subfield code="c">205463</subfield>
    <subfield code="d">205463</subfield>
  </datafield>
</record>
